| 000 | 00642nam a2200301Ia 4500 | ||
|---|---|---|---|
| 005 | 20260401122156.0 | ||
| 008 | 008 250103s9999 xx 000 0 eng d | ||
| 020 | _a8172011970 | ||
| 037 | _aTB | ||
| 040 | _aEDL | ||
| 040 | _beng | ||
| 040 | _cEDL | ||
| 041 | _2eng | ||
| 041 | _aeng | ||
| 084 | _a891.44 DUT | ||
| 084 | _qEDL | ||
| 100 |
_aDutt, Utpal _91232818 |
||
| 245 | 0 | _aGirish Chandra Ghosh | |
| 245 | 0 | _cDutt, Utpal | |
| 260 | _aNew Delhi | ||
| 260 | _bSahtiya Akademi | ||
| 260 | _c1992 | ||
| 300 | _a99p | ||
| 942 | _cTB | ||
| 942 | _h891.44 DUT | ||
| 999 |
_c1845421 _d1845421 |
||